[Event "Vesterhavsturneringen 2004"]
[Site "Esbjerg"]
[Date "2004.07.04"]
[Round "2"]
[White "Ditlevsen, Birgit"]
[Black "Jessen, Ernst J"]
[Result "1/2-1/2"]
[WhiteElo "1229"]
[BlackElo "1633"]
[PlyCount "108"]
[EventDate "2004.??.??"]
[EventType "swiss"]
[EventRounds "9"]
[EventCountry "DEN"]

1. e4 e6 2. d4 d5 3. e5 c5 4. Bb5+ Bd7 5. Bxd7+ Qxd7 6. c3 Nc6 7. Nf3 cxd4 8.
cxd4 Nge7 9. O-O Nf5 10. Nc3 Be7 11. a3 O-O 12. Qd3 h6 13. Ne2 Rfc8 14. Bd2 Rc7
15. b4 Rac8 16. Rac1 Nd8 17. Rxc7 Rxc7 18. Rc1 Rxc1+ 19. Nxc1 Qc6 20. h3 Nh4
21. Ne2 Nxf3+ 22. Qxf3 Qc4 23. Qg4 Kh7 24. Qf3 Qc2 25. Be1 Bg5 26. Ng3 Qc1 27.
Kf1 Qc4+ 28. Ne2 Kg8 29. Qc3 Qxc3 30. Bxc3 Kf8 31. f4 Be7 32. g3 Ke8 33. h4 Kd7
34. Nc1 Kc6 35. a4 b6 36. Ke2 a6 37. Na2 b5 38. a5 Kd7 39. h5 Nc6 40. Kf3 f6
41. Kg4 Ke8 42. Kf3 Kf7 43. Kg4 g6 44. hxg6+ Kxg6 45. Kf3 h5 46. g4 hxg4+ 47.
Kxg4 f5+ 48. Kf3 Kh5 49. Kg3 Bh4+ 50. Kf3 Be7 51. Kg3 Nd8 52. Nc1 Nc6 53. Nd3
Bf8 54. Kh3 Be7 1/2-1/2

[Event "Vesterhavsturneringen 2004"]
[Site "Esbjerg"]
[Date "2004.07.04"]
[Round "2"]
[White "Dyrgaard, Kristoffer"]
[Black "Kjaergaard Jensen, Jesper"]
[Result "1/2-1/2"]
[WhiteElo "1890"]
[BlackElo "2124"]
[PlyCount "119"]
[EventDate "2004.??.??"]
[EventType "swiss"]
[EventRounds "9"]
[EventCountry "DEN"]

1. e4 d5 2. exd5 Qxd5 3. Nc3 Qa5 4. d4 c6 5. Bd2 Bf5 6. Bc4 e6 7. Nf3 Nd7 8.
O-O Qc7 9. Re1 Be7 10. Ng5 Ngf6 11. Qf3 Bg4 12. Bf4 Bxf3 13. Bxc7 Bg4 14. Nge4
Nb6 15. Bd3 O-O 16. Bd6 Bxd6 17. Nxd6 Rab8 18. Nce4 Nxe4 19. Rxe4 Bh5 20. Rh4
Bg6 21. Bxg6 hxg6 22. Ne4 Rfd8 23. Re1 Nd5 24. c3 Kf8 25. Ng5 Ke7 26. Nf3 f6
27. Rhe4 Nc7 28. h3 Kf7 29. Nd2 c5 30. Nb3 cxd4 31. Nxd4 Rd6 32. f4 Re8 33. Nb3
Rd5 34. Rc4 Re7 35. Nd4 Nb5 36. Nxb5 Rxb5 37. Re2 g5 38. a4 Rd5 39. fxg5 Rxg5
40. b4 Rd5 41. Rce4 e5 42. Kh2 Rc7 43. c4 Rd3 44. c5 Ke6 45. Rg4 Kd5 46. b5 g5
47. b6 axb6 48. cxb6 Rc6 49. Rb4 Rd4 50. Reb2 Rc5 51. Kg3 Rc3+ 52. Kf2 Rxb4 53.
Rxb4 Kc5 54. Rb5+ Kc6 55. Rb4 Ra3 56. h4 gxh4 57. Rxh4 Kxb6 58. Rh6 Rxa4 59.
Rxf6+ Kc5 60. Kf3 1/2-1/2

[Event "Vesterhavsturneringen 2004"]
[Site "Esbjerg"]
[Date "2004.07.04"]
[Round "2"]
[White "Flindt, Thomas"]
[Black "Fyhn, Karsten"]
[Result "1-0"]
[WhiteElo "2117"]
[BlackElo "1796"]
[PlyCount "85"]
[EventDate "2004.??.??"]
[EventType "swiss"]
[EventRounds "9"]
[EventCountry "DEN"]

1. e4 e5 2. Nf3 Nf6 3. Nc3 Nc6 4. Bc4 Bc5 5. d3 d6 6. Bg5 h6 7. Bh4 Be6 8. Bb3
Qd7 9. Qd2 O-O-O 10. Na4 Rde8 11. Nxc5 dxc5 12. Qc3 Qd6 13. Bg3 Nd7 14. Nd2 Qd4
15. O-O-O Rhf8 16. f4 exf4 17. Bxf4 f5 18. Rhf1 Bxb3 19. axb3 g5 20. Bg3 fxe4
21. Nxe4 Qe3+ 22. Qd2 Qxd2+ 23. Kxd2 Nd4 24. Rf2 Rxf2+ 25. Bxf2 b6 26. Re1 Kd8
27. b4 Nc6 28. bxc5 b5 29. d4 Rf8 30. c3 Ne7 31. Bg3 Nf5 32. Bf2 Kc8 33. b4 Ne7
34. Bg3 Nd5 35. Ra1 Kb8 36. Ra5 Nf4 37. Rxb5+ Kc8 38. Ra5 Kb7 39. b5 Kb8 40.
Ra6 h5 41. Nxg5 Nxg2 42. Ne6 Rc8 43. Rc6 1-0

[Event "Vesterhavsturneringen 2004"]
[Site "Esbjerg"]
[Date "2004.07.04"]
[Round "2"]
[White "Grubert, Christian"]
[Black "Munch, Anders J"]
[Result "1-0"]
[WhiteElo "2054"]
[BlackElo "1840"]
[PlyCount "122"]
[EventDate "2004.??.??"]
[EventType "swiss"]
[EventRounds "9"]
[EventCountry "DEN"]

1. e4 e6 2. d3 d5 3. Qe2 Be7 4. Nf3 Nf6 5. g3 O-O 6. Bg2 c5 7. O-O Nc6 8. e5
Nd7 9. c4 dxc4 10. dxc4 Qc7 11. Bf4 b6 12. Nc3 a6 13. Rad1 Ra7 14. h4 Bb7 15.
Rfe1 Rd8 16. g4 Nf8 17. h5 Nd4 18. Nxd4 cxd4 19. Ne4 Bxe4 20. Bxe4 Qc5 21. Kh2
Rc7 22. Bd3 Qc6 23. Rg1 Qa4 24. b3 Qe8 25. g5 Rb7 26. a4 Rc7 27. Qg4 Qc6 28.
Rg3 g6 29. hxg6 fxg6 30. Bd2 a5 31. Be4 Qe8 32. Kg2 Bc5 33. Rh1 Rg7 34. Rf3 Qe7
35. Rf6 Rb8 36. Rh3 Rd8 37. Qf4 Rb8 38. Bc1 Rd8 39. Bb2 Qe8 40. Rf3 Qe7 41. Bc6
Qc7 42. Bb5 d3 43. Bc3 Qb7 44. Qd2 Re7 45. Kg3 Qe4 46. R6f4 Qe2 47. Qxe2 dxe2
48. Re4 Rd1 49. Rxe2 Rg1+ 50. Kh4 Rh1+ 51. Kg4 Rg1+ 52. Rg3 Rf1 53. f4 Rf7 54.
Re4 Kg7 55. Bd4 h5+ 56. gxh6+ Kxh6 57. Bxc5 bxc5 58. Rd3 Rg1+ 59. Kf3 Rf1+ 60.
Kg3 Rg1+ 61. Kf2 Rg4 1-0

[Event "Vesterhavsturneringen 2004"]
[Site "Esbjerg"]
[Date "2004.07.04"]
[Round "2"]
[White "Hagesaether, Torill"]
[Black "Rewitz, Poul"]
[Result "1/2-1/2"]
[WhiteElo "1980"]
[BlackElo "2255"]
[PlyCount "95"]
[EventDate "2004.??.??"]
[EventType "swiss"]
[EventRounds "9"]
[EventCountry "DEN"]

1. d4 g6 2. Nf3 Bg7 3. Bf4 d6 4. h3 b6 5. e3 Bb7 6. Be2 Nd7 7. O-O e6 8. c3 Ne7
9. Nbd2 O-O 10. Bh2 h6 11. Bd3 a6 12. Qe2 Re8 13. a4 Qb8 14. b4 Qa7 15. e4 Rad8
16. Rfc1 Qa8 17. Rab1 Kh8 18. c4 f5 19. c5 Nf6 20. e5 dxe5 21. Bxe5 Ned5 22.
cxb6 cxb6 23. Nc4 Nh5 24. Nd6 Rxd6 25. Bxd6 Ndf4 26. Qe3 Bxf3 27. Bxf4 Bxg2 28.
Bxh6 Bf6 29. Rc7 Bh1 30. Kf1 g5 31. Ke1 Nf4 32. Kd2 Nd5 33. Qg3 Nxc7 34. Qxc7
Qc6 35. Qf7 Bxd4 36. Rxh1 Qc3+ 37. Ke2 Qb2+ 38. Kd1 Rc8 39. Bxg5 Qa1+ 40. Ke2
Qxh1 41. Bf6+ Bxf6 42. Qxf6+ Kh7 43. Qf7+ Kh8 44. Qf6+ Kh7 45. Bxf5+ exf5 46.
Qxf5+ Kh6 47. Qe6+ Kg5 48. Qxc8 1/2-1/2

[Event "Vesterhavsturneringen 2004"]
[Site "Esbjerg"]
[Date "2004.07.04"]
[Round "2"]
[White "Hansen, Hans Valdemar"]
[Black "Jakobsen, Christian Kjaergaar"]
[Result "1/2-1/2"]
[WhiteElo "1763"]
[BlackElo "2044"]
[PlyCount "26"]
[EventDate "2004.??.??"]
[EventType "swiss"]
[EventRounds "9"]
[EventCountry "DEN"]

1. Nf3 c5 2. e3 Nc6 3. c4 g6 4. Nc3 Bg7 5. d4 b6 6. d5 Ne5 7. Nxe5 Bxe5 8. Qc2
f5 9. e4 f4 10. Ne2 Qc7 11. Bd2 Nf6 12. f3 O-O 13. Bc3 Ba6 1/2-1/2

[Event "Vesterhavsturneringen 2004"]
[Site "Esbjerg"]
[Date "2004.07.04"]
[Round "2"]
[White "Hansen, John B"]
[Black "Aagaard, Kasper Bek"]
[Result "1/2-1/2"]
[WhiteElo "1741"]
[BlackElo "1452"]
[PlyCount "117"]
[EventDate "2004.??.??"]
[EventType "swiss"]
[EventRounds "9"]
[EventCountry "DEN"]

1. e4 e5 2. Nf3 Nc6 3. d4 exd4 4. Bc4 Nf6 5. O-O Nxe4 6. Nxd4 d5 7. Bb5 Bd7 8.
Bxc6 bxc6 9. Re1 Be7 10. f3 Nf6 11. Qe2 c5 12. Nb5 Be6 13. Bf4 Bd6 14. Nxd6+
cxd6 15. Qa6 Ke7 16. Nc3 Qb6 17. Qxb6 axb6 18. Bg5 Kd7 19. Bxf6 gxf6 20. a3 Kc6
21. Ne2 Bf5 22. c3 Rhe8 23. Nf4 Re5 24. Rad1 Rae8 25. Kf2 Rxe1 26. Rxe1 Rxe1
27. Kxe1 Bg6 28. h4 d4 29. cxd4 cxd4 30. Kd2 h6 31. g3 Kc5 32. Ne2 Kc4 33. Nc1
Bh5 34. g4 Bg6 35. f4 Be4 36. g5 fxg5 37. fxg5 hxg5 38. hxg5 Kd5 39. b4 b5 40.
Ne2 Ke5 41. Nc1 Bd5 42. Ne2 Bc4 43. Ng1 Kf5 44. Nf3 Ke4 45. Nh4 Kf4 46. g6 fxg6
47. Nxg6+ Kf5 48. Nh4+ Ke4 49. Ng2 d5 50. Ne1 d3 51. Ng2 Kd4 52. Ne1 Ba2 53.
Nxd3 Kc4 54. Nf4 Bb1 55. Ne6 Bf5 56. Nc7 Bc8 57. Kc2 d4 58. Kd2 d3 59. Na8
1/2-1/2

[Event "Vesterhavsturneringen 2004"]
[Site "Esbjerg"]
[Date "2004.07.04"]
[Round "2"]
[White "Hansen, John Nyholm"]
[Black "Fedorchuk, Sergey"]
[Result "0-1"]
[WhiteElo "2021"]
[BlackElo "2569"]
[PlyCount "86"]
[EventDate "2004.??.??"]
[EventType "swiss"]
[EventRounds "9"]
[EventCountry "DEN"]

1. e4 c5 2. Nf3 d6 3. d4 cxd4 4. Nxd4 Nf6 5. Nc3 a6 6. Be2 e6 7. O-O Qc7 8. a4
Nc6 9. Kh1 Be7 10. Be3 O-O 11. f4 Re8 12. Nb3 b6 13. Bf3 Bb7 14. Qd2 Rab8 15.
Qf2 Nd7 16. Nd4 Ba8 17. Qe2 Qc8 18. Rfd1 Na5 19. Bf2 Nc4 20. b3 Nb2 21. Rdb1
Qxc3 22. Ra2 Bf6 23. Qe3 Nxa4 24. Rxa4 Qxe3 25. Bxe3 Nc5 26. Ra3 a5 27. e5 dxe5
28. fxe5 Bxe5 29. Nc6 Bxc6 30. Bxc6 Rec8 31. Bf3 Bc3 32. Kg1 Na6 33. Be2 Nb4
34. Bd3 Rd8 35. Rd1 f5 36. Kf2 Kf7 37. Ke2 Kf6 38. h4 h6 39. g3 Rd6 40. h5 Rbd8
41. Ra4 e5 42. Rf1 Nxd3 43. cxd3 Rxd3 0-1

[Event "Vesterhavsturneringen 2004"]
[Site "Esbjerg"]
[Date "2004.07.04"]
[Round "2"]
[White "Hansen, Max Erik"]
[Black "Christensen, Svend Ib"]
[Result "0-1"]
[WhiteElo "1775"]
[BlackElo "1517"]
[PlyCount "92"]
[EventDate "2004.??.??"]
[EventType "swiss"]
[EventRounds "9"]
[EventCountry "DEN"]

1. d4 d5 2. Nc3 Nf6 3. Bg5 e6 4. e4 Be7 5. Bxf6 Bxf6 6. e5 Be7 7. Qg4 O-O 8.
Nf3 f5 9. exf6 Bxf6 10. Qg3 Nc6 11. O-O-O Ne7 12. Bd3 Nf5 13. Bxf5 exf5 14.
Rhe1 c6 15. Ne5 Bh4 16. Qf3 Bf6 17. Re2 Bxe5 18. Rxe5 Bd7 19. Rde1 Qg5+ 20. Kb1
Rae8 21. g3 Rxe5 22. Rxe5 Re8 23. Nxd5 Rxe5 24. dxe5 Qd2 25. Ne3 Be6 26. b3 g6
27. h4 Qd4 28. Qf4 Qxf4 29. gxf4 Kf7 30. c4 b6 31. Kc2 h6 32. Kc3 Ke7 33. b4
Kd7 34. Kd4 a6 35. a3 Kc7 36. Nd1 Kb7 37. Nc3 a5 38. b5 c5+ 39. Ke3 Kc7 40.
Nd5+ Kb7 41. a4 Bf7 42. Ne7 Kc7 43. h5 gxh5 44. Nd5+ Bxd5 45. cxd5 h4 46. e6
Kd6 0-1

[Event "Vesterhavsturneringen 2004"]
[Site "Esbjerg"]
[Date "2004.07.04"]
[Round "2"]
[White "Hartvig, Ove Weiss"]
[Black "Jensen, Thomas Astrup"]
[Result "1-0"]
[WhiteElo "2212"]
[BlackElo "1570"]
[PlyCount "31"]
[EventDate "2004.??.??"]
[EventType "swiss"]
[EventRounds "9"]
[EventCountry "DEN"]

1. e4 e5 2. d4 exd4 3. Qxd4 Nc6 4. Qe3 d6 5. Bd2 Be7 6. Nc3 Be6 7. f4 f5 8. Nf3
fxe4 9. Nxe4 Bf5 10. Bd3 Bxe4 11. Bxe4 Nf6 12. Bf5 O-O 13. O-O-O Kh8 14. Ng5 h6
15. Ne6 Nd5 16. Qg3 1-0

[Event "Vesterhavsturneringen 2004"]
[Site "Esbjerg"]
[Date "2004.07.04"]
[Round "2"]
[White "Hein, Jacob"]
[Black "Kragh, Niels Kristian"]
[Result "0-1"]
[WhiteElo "1317"]
[BlackElo "1981"]
[PlyCount "50"]
[EventDate "2004.??.??"]
[EventType "swiss"]
[EventRounds "9"]
[EventCountry "DEN"]

1. d4 e6 2. Nf3 f5 3. d5 Bb4+ 4. c3 Bd6 5. g3 Nf6 6. dxe6 dxe6 7. Bg2 O-O 8.
Qb3 Qe7 9. Nd4 Kh8 10. Bxb7 Bxb7 11. Qxb7 Nbd7 12. Nd2 Nd5 13. N2f3 Rab8 14.
Qa6 Nc5 15. Qc4 Nb6 16. Qb5 e5 17. Nc6 Qe8 18. Nxa7 Qh5 19. Qc6 Rbe8 20. Nb5 e4
21. Nxd6 cxd6 22. Nd4 Nc4 23. O-O Qh3 24. b3 Ne5 25. Qxd6 Ng4 0-1

[Event "Vesterhavsturneringen 2004"]
[Site "Esbjerg"]
[Date "2004.07.04"]
[Round "2"]
[White "Hust, Christian Winther"]
[Black "Petersen, Jacob"]
[Result "1/2-1/2"]
[WhiteElo "1561"]
[BlackElo "1088"]
[PlyCount "32"]
[EventDate "2004.??.??"]
[EventType "swiss"]
[EventRounds "9"]
[EventCountry "DEN"]

1. e4 g6 2. f4 Bg7 3. Nf3 d6 4. h3 Nf6 5. d3 O-O 6. Nc3 c6 7. Be3 Nfd7 8. g4
Qa5 9. Qd2 Bxc3 10. bxc3 Na6 11. d4 b5 12. Bd3 c5 13. O-O Nb6 14. Qe1 Na4 15.
Bd2 Bb7 16. e5 Be4 1/2-1/2

[Event "Vesterhavsturneringen 2004"]
[Site "Esbjerg"]
[Date "2004.07.04"]
[Round "2"]
[White "Jacobsen, Per"]
[Black "Thogersen, Egon"]
[Result "1-0"]
[WhiteElo "1570"]
[BlackElo "1000"]
[PlyCount "55"]
[EventDate "2004.??.??"]
[EventType "swiss"]
[EventRounds "9"]
[EventCountry "DEN"]

1. Nf3 d5 2. g3 Nf6 3. Bg2 g6 4. O-O Bg7 5. c4 c6 6. cxd5 cxd5 7. Nc3 O-O 8. d3
e5 9. Nxe5 d4 10. Na4 Qc7 11. Nf3 Nc6 12. Bf4 Qe7 13. Rc1 Nd5 14. Bg5 Nf6 15.
Nc5 Rd8 16. Ne4 Qe6 17. a3 Re8 18. Nxf6+ Bxf6 19. Bf4 Qxe2 20. Qb3 Be6 21. Qxb7
Bd5 22. Nxd4 Bxg2 23. Nxe2 Bxf1 24. Kxf1 Ne5 25. Bxe5 Bxe5 26. d4 Bf6 27. Qf3
Re6 28. Qxa8+ 1-0

[Event "Vesterhavsturneringen 2004"]
[Site "Esbjerg"]
[Date "2004.07.04"]
[Round "2"]
[White "Jakobsen, Martin Skov"]
[Black "Haagen Larsen, Hans"]
[Result "1-0"]
[WhiteElo "2139"]
[BlackElo "1714"]
[PlyCount "147"]
[EventDate "2004.??.??"]
[EventType "swiss"]
[EventRounds "9"]
[EventCountry "DEN"]

1. e4 e6 2. d4 d5 3. Nd2 Nf6 4. e5 Nfd7 5. Bd3 c5 6. c3 Nc6 7. Ne2 cxd4 8. cxd4
f5 9. O-O Be7 10. f4 Qb6 11. Nf3 O-O 12. Kh1 Kh8 13. Rg1 Nd8 14. g4 g6 15. Qf1
Rg8 16. Qh3 Nf8 17. Rg2 Bd7 18. Nc3 Bb4 19. Bd2 Bxc3 20. Bxc3 Bb5 21. Bc2 Rc8
22. Rag1 Qa6 23. Nd2 Bd7 24. Bb3 fxg4 25. Rxg4 Ba4 26. Qh4 Nf7 27. Bxa4 Qxa4
28. Nf1 Qd1 29. R4g3 Qc2 30. R3g2 Qd3 31. Ng3 Qf3 32. Nh5 Nd7 33. Nf6 Nxf6 34.
Qxf6+ Rg7 35. Qxe6 Rcg8 36. Qf6 Nh6 37. Qh4 Nf5 38. Qf2 Qd3 39. Qe2 Qh3 40. Rd1
Re8 41. Rd3 Qh4 42. Rg4 Qh5 43. Qg2 Ne7 44. Rg5 Qh4 45. Bd2 h6 46. Rg4 Qh5 47.
Rh3 Qf5 48. Rxh6+ Kg8 49. h4 Qb1+ 50. Kh2 Kf7 51. h5 Reg8 52. hxg6+ Rxg6 53.
Rgxg6 Rxg6 54. Rxg6 Qxg6 55. Qxg6+ Kxg6 56. Kg2 Kf5 57. Kf3 Nc6 58. Be3 b5 59.
a3 a6 60. Bf2 Na5 61. Be3 Nc6 62. b4 a5 63. bxa5 Nxa5 64. Bd2 Nc6 65. Bc3 Nd8
66. Ba5 Ne6 67. Bb6 Nxf4 68. Ke3 Ne6 69. Kd3 Kf4 70. Kc3 Nf8 71. Kb4 Nd7 72.
Kxb5 Nxe5 73. dxe5 Kxe5 74. Kc6 1-0

[Event "Vesterhavsturneringen 2004"]
[Site "Esbjerg"]
[Date "2004.07.04"]
[Round "2"]
[White "Jakobsen, Ole"]
[Black "Christensen, Henrik"]
[Result "1-0"]
[WhiteElo "2379"]
[BlackElo "1874"]
[PlyCount "71"]
[EventDate "2004.??.??"]
[EventType "swiss"]
[EventRounds "9"]
[EventCountry "DEN"]

1. d4 Nf6 2. c4 g6 3. Nc3 Bg7 4. e4 d6 5. f3 O-O 6. Nge2 c5 7. Be3 Nc6 8. d5
Ne5 9. Ng3 a6 10. Be2 Bd7 11. a4 Rb8 12. O-O b6 13. h3 b5 14. axb5 axb5 15.
cxb5 c4 16. f4 Nd3 17. Bxd3 cxd3 18. Qxd3 h5 19. Nge2 Ne8 20. b6 Rxb6 21. Bxb6
Qxb6+ 22. Kh2 Nc7 23. Ra2 Qb3 24. Ra7 Rc8 25. Rfa1 Kh7 26. Qe3 Be8 27. R1a2 Nb5
28. Ra8 Qc4 29. R2a4 Qc7 30. Rxc8 Qxc8 31. Rb4 Nc7 32. Qa7 Na6 33. Rb6 Nc5 34.
Rb8 Qd7 35. Qa8 Nd3 36. Rb7 1-0

[Event "Vesterhavsturneringen 2004"]
[Site "Esbjerg"]
[Date "2004.07.04"]
[Round "2"]
[White "Jensen, Jorgen Tranbjerg"]
[Black "Nielsen, Marianne Izaura"]
[Result "0-1"]
[WhiteElo "1557"]
[BlackElo "1617"]
[PlyCount "78"]
[EventDate "2004.??.??"]
[EventType "swiss"]
[EventRounds "9"]
[EventCountry "DEN"]

1. d4 Nf6 2. c4 g6 3. Nf3 Bg7 4. Nc3 O-O 5. e4 d6 6. Bd3 e5 7. d5 Nh5 8. O-O f5
9. Bg5 Qe8 10. Nb5 Na6 11. Rc1 f4 12. Bh4 h6 13. Be2 Nf6 14. Bxf6 Bxf6 15. b4
g5 16. c5 Qe7 17. cxd6 cxd6 18. Nd2 Qd7 19. a4 g4 20. Nc4 Be7 21. Qb3 Rf6 22.
Rfd1 Rg6 23. Nxe5 dxe5 24. d6+ Kh7 25. dxe7 Qxe7 26. Qb2 g3 27. fxg3 fxg3 28.
hxg3 Rxg3 29. Nd6 Bh3 30. Bf1 Rag8 31. Rd2 Qg5 32. Nf7 Qe3+ 33. Kh2 Qf4 34. Kh1
Qxf7 35. Bxa6 Bxg2+ 36. Rxg2 Qh5+ 37. Kg1 Rxg2+ 38. Qxg2 Rxg2+ 39. Kxg2 Qg5+
0-1

[Event "Vesterhavsturneringen 2004"]
[Site "Esbjerg"]
[Date "2004.07.04"]
[Round "2"]
[White "Jensen, Torben Richard"]
[Black "Damm, Kasper Wilken"]
[Result "1/2-1/2"]
[WhiteElo "1898"]
[BlackElo "2241"]
[PlyCount "110"]
[EventDate "2004.??.??"]
[EventType "swiss"]
[EventRounds "9"]
[EventCountry "DEN"]

1. c4 g6 2. Nc3 Bg7 3. g3 d6 4. Bg2 e5 5. Rb1 f5 6. d3 Nf6 7. Nf3 Nbd7 8. b4 a5
9. Ng5 Nf8 10. O-O h6 11. Nf3 axb4 12. Rxb4 c6 13. a4 Ne6 14. Nh4 Qa5 15. Rb3
Kf7 16. Bd2 Qc7 17. e4 f4 18. gxf4 exf4 19. Ne2 Nh5 20. d4 Qd8 21. Nf3 Kg8 22.
a5 c5 23. d5 Ng5 24. Bxf4 Nh3+ 25. Bxh3 Bxh3 26. Re1 Qd7 27. Bg3 Nxg3 28. hxg3
g5 29. Qb1 Qf7 30. Nh2 Bc8 31. Ra3 Bf6 32. f4 Kg7 33. Rf3 g4 34. Rf2 Re8 35. e5
Bd8 36. e6 Qh5 37. f5 Qg5 38. Rf4 h5 39. Ref1 Bf6 40. Qb6 Be5 41. f6+ Kf8 42.
Qc7 Bxe6 43. dxe6 Rxe6 44. Qxb7 Rxa5 45. f7 Qd8 46. Rf5 Re7 47. Qd5 Qa8 48.
Qxa8+ Rxa8 49. Rxh5 Rxf7 50. Rxf7+ Kxf7 51. Nxg4 Bg7 52. Rd5 Bf8 53. Ne3 Re8
54. Kf2 Ke6 55. Nf4+ Kd7 1/2-1/2

[Event "Vesterhavsturneringen 2004"]
[Site "Esbjerg"]
[Date "2004.07.04"]
[Round "2"]
[White "Johansen, Johnny Holler"]
[Black "Pedersen, Christian Kyndel"]
[Result "0-1"]
[WhiteElo "1916"]
[BlackElo "2366"]
[PlyCount "108"]
[EventDate "2004.??.??"]
[EventType "swiss"]
[EventRounds "9"]
[EventCountry "DEN"]

1. d4 Nf6 2. c4 e6 3. Nf3 b6 4. Nc3 Bb7 5. Bg5 Be7 6. Qc2 d5 7. e3 O-O 8. Be2
Nbd7 9. cxd5 exd5 10. O-O c5 11. Rfd1 Ne4 12. Bxe7 Qxe7 13. dxc5 Nxc3 14. Qxc3
bxc5 15. Rac1 Rfc8 16. Qa3 Qe6 17. Bb5 Bc6 18. Bxc6 Rxc6 19. Qb3 Nb6 20. Qc2
Rac8 21. b3 h6 22. Qb2 Qe4 23. Qe5 Qg4 24. Qg3 Qf5 25. Qe5 Qd7 26. Qh5 Re6 27.
Qf5 Qe7 28. Qd3 Rc7 29. Rc2 Rec6 30. Rdc1 Qe6 31. Qb5 Qe4 32. Nd2 Qe7 33. Nf3
Qe4 34. Nd2 Qe7 35. Nf3 Nd7 36. Qd3 Qe6 37. Rd2 Nf6 38. Rdc2 a6 39. Qc3 Ne4 40.
Qe5 Qd7 41. Rd1 Rd6 42. Qb2 f6 43. Nd2 Ng5 44. h4 Ne6 45. Nf3 d4 46. exd4 cxd4
47. Rcd2 d3 48. Ne1 Nf4 49. g3 Ne2+ 50. Kh2 Qf5 51. f3 Qc5 52. Nxd3 Rxd3 53.
Rxe2 Rxd1 54. Re8+ Kf7 0-1

[Event "Vesterhavsturneringen 2004"]
[Site "Esbjerg"]
[Date "2004.07.04"]
[Round "2"]
[White "Jorgensen, Miki Worm"]
[Black "Dorup, Ivar"]
[Result "1/2-1/2"]
[WhiteElo "1333"]
[BlackElo "1690"]
[PlyCount "72"]
[EventDate "2004.??.??"]
[EventType "swiss"]
[EventRounds "9"]
[EventCountry "DEN"]

1. e4 e6 2. Nf3 d5 3. exd5 exd5 4. d4 Bd6 5. Nc3 c6 6. Bd3 Ne7 7. O-O O-O 8.
Bd2 Bf5 9. Be3 Qc7 10. Re1 Nd7 11. g3 Rfe8 12. Ng5 Bxd3 13. Qxd3 Nf8 14. Re2
Neg6 15. Rae1 Qd7 16. Qd2 Re7 17. Nf3 Rae8 18. Bg5 f6 19. Rxe7 Rxe7 20. Rxe7
Qxe7 21. Be3 Qe6 22. Qe2 h5 23. Bd2 Qg4 24. Kg2 Ne6 25. Qd1 Nxd4 26. Nxd4 Qxd4
27. Qxh5 Qxd2 28. Qxg6 Qe1 29. Qf5 Qe7 30. Qc8+ Kf7 31. Qf5 Be5 32. Qh5+ Ke6
33. Qg4+ Kd6 34. Qb4+ Kd7 35. Qxb7+ Kd6 36. Qb4+ Kd7 1/2-1/2

[Event "Vesterhavsturneringen 2004"]
[Site "Esbjerg"]
[Date "2004.07.04"]
[Round "2"]
[White "Konstantinov, Maxim"]
[Black "Kaarsberg, Allan"]
[Result "0-1"]
[WhiteElo "1519"]
[BlackElo "1766"]
[PlyCount "56"]
[EventDate "2004.??.??"]
[EventType "swiss"]
[EventRounds "9"]
[EventCountry "DEN"]

1. d4 Nf6 2. c4 e5 3. dxe5 Ne4 4. Nf3 Nc6 5. Nbd2 Bb4 6. a3 Bxd2+ 7. Bxd2 O-O
8. Bf4 d6 9. Qd5 Nc5 10. exd6 Nb3 11. Rd1 Be6 12. dxc7 Qf6 13. Be5 Qh6 14. Qd3
Nc5 15. Qc2 Rfe8 16. e3 Rac8 17. b4 Nxe5 18. Nxe5 Na6 19. c5 Nxc7 20. Nc4 Nd5
21. Nd6 Nxe3 22. fxe3 Qxe3+ 23. Qe2 Qc3+ 24. Rd2 Bg4 25. Qxe8+ Rxe8+ 26. Nxe8
Qc1+ 27. Rd1 Qe3+ 28. Be2 Qxe2# 0-1

[Event "Vesterhavsturneringen 2004"]
[Site "Esbjerg"]
[Date "2004.07.04"]
[Round "2"]
[White "Krabbe, Daniel"]
[Black "Storgaard, Morten Swayne"]
[Result "1-0"]
[WhiteElo "2044"]
[BlackElo "1505"]
[PlyCount "164"]
[EventDate "2004.??.??"]
[EventType "swiss"]
[EventRounds "9"]
[EventCountry "DEN"]

1. e4 e6 2. d4 d5 3. Nc3 dxe4 4. Nxe4 Nf6 5. Nxf6+ Qxf6 6. Nf3 h6 7. Bd3 Nd7 8.
Qe2 b6 9. Be4 Rb8 10. Bd2 Bd6 11. O-O-O Bb7 12. Bxb7 Rxb7 13. Qe4 Rb8 14. Qc6
Qe7 15. Ne5 Bxe5 16. dxe5 Qc5 17. Qa4 b5 18. Qg4 Qxe5 19. f4 Qf6 20. Bc3 Qg6
21. Qf3 b4 22. Qc6 O-O 23. Bxg7 Kxg7 24. Rxd7 Qf5 25. g3 Rb6 26. Qxc7 Qe4 27.
Qe5+ Qxe5 28. fxe5 a5 29. Re1 Rb5 30. Re2 Rc5 31. Kd2 Rfc8 32. Kd3 Kg6 33. h4
a4 34. Rd4 Rb8 35. Ree4 b3 36. axb3 axb3 37. c4 h5 38. Kc3 Ra5 39. Rd1 Rb7 40.
g4 hxg4 41. Rxg4+ Kf5 42. Rg5+ Kf4 43. Rf1+ Ke4 44. h5 f5 45. h6 Kxe5 46. Rg7
Rxg7 47. hxg7 Ra8 48. Kxb3 Rg8 49. Rg1 Kd4 50. Rd1+ Ke5 51. Rd7 f4 52. c5 f3
53. c6 f2 54. Rf7 Rxg7 55. Rxf2 Rc7 56. Kb4 Rxc6 57. Kb5 Rc1 58. b4 Kd4 59. Ka6
e5 60. b5 e4 61. b6 e3 62. Rb2 Kd3 63. b7 e2 64. b8=Q Ra1+ 65. Kb5 e1=Q 66.
Qd6+ Ke4 67. Rb4+ Ke3 68. Qe5+ Kf3 69. Rf4+ Kg2 70. Qg5+ Qg3 71. Rg4 Ra3 72.
Qd2+ Kh3 73. Rxg3+ Rxg3 74. Kc4 Rg4+ 75. Kd5 Kh4 76. Ke5 Rg5+ 77. Kf4 Rg4+ 78.
Kf5 Kh3 79. Qh6+ Kg3 80. Qe3+ Kh4 81. Qf2+ Kh3 82. Qf3+ Rg3 1-0

[Event "Vesterhavsturneringen 2004"]
[Site "Esbjerg"]
[Date "2004.07.04"]
[Round "2"]
[White "Kristensen, Jens"]
[Black "Henriksen, Rene"]
[Result "1-0"]
[WhiteElo "1689"]
[BlackElo "1293"]
[PlyCount "75"]
[EventDate "2004.??.??"]
[EventType "swiss"]
[EventRounds "9"]
[EventCountry "DEN"]

1. e4 e5 2. Nf3 Nc6 3. Bb5 a6 4. Ba4 Nf6 5. O-O Be7 6. Re1 b5 7. Bb3 O-O 8. c3
d5 9. exd5 Nxd5 10. Nxe5 Nxe5 11. Rxe5 c6 12. d4 Bd6 13. Bg5 f6 14. Rxd5 cxd5
15. Bxd5+ Kh8 16. Bxa8 fxg5 17. Bf3 Qf6 18. Nd2 g4 19. Ne4 Qf4 20. g3 Qxf3 21.
Qxf3 gxf3 22. Nxd6 Bh3 23. Re1 Bd7 24. Nb7 Bc6 25. Nc5 a5 26. Re5 Re8 27. Rxe8+
Bxe8 28. d5 Kg8 29. b3 Kf8 30. d6 Bc6 31. Kf1 Kf7 32. Ke1 Ke8 33. Kd2 Kf7 34.
Ke3 Ke8 35. Kd4 Kf7 36. Ke5 h6 37. h4 Be8 38. d7 1-0

[Event "Vesterhavsturneringen 2004"]
[Site "Esbjerg"]
[Date "2004.07.04"]
[Round "2"]
[White "Kwapinski, Leszek"]
[Black "Larsen, Peter"]
[Result "0-1"]
[WhiteElo "1785"]
[BlackElo "2150"]
[PlyCount "38"]
[EventDate "2004.??.??"]
[EventType "swiss"]
[EventRounds "9"]
[EventCountry "DEN"]

1. c4 e5 2. Nc3 Nc6 3. g3 g6 4. Bg2 Bg7 5. Nf3 f5 6. d3 h6 7. a3 a5 8. O-O Nf6
9. Qc2 O-O 10. e3 d6 11. Bd2 g5 12. Nd5 a4 13. Nc3 f4 14. h3 Qe8 15. g4 h5 16.
exf4 hxg4 17. Nxg5 gxh3 18. Nxh3 Qh5 19. Qd1 Bg4 0-1

[Event "Vesterhavsturneringen 2004"]
[Site "Esbjerg"]
[Date "2004.07.04"]
[Round "2"]
[White "Leutenberger, Kevin"]
[Black "Jensen, Alexander Tranberg"]
[Result "1-0"]
[WhiteElo "1669"]
[BlackElo "1255"]
[PlyCount "81"]
[EventDate "2004.??.??"]
[EventType "swiss"]
[EventRounds "9"]
[EventCountry "DEN"]

1. e4 g6 2. d4 Bg7 3. Bc4 d6 4. Nf3 Bg4 5. Bxf7+ Kxf7 6. Ng5+ Ke8 7. Qxg4 Bxd4
8. Qf3 Nf6 9. Ne6 Qd7 10. Nxd4 Nc6 11. Nxc6 Qxc6 12. Nc3 Kd8 13. Bh6 Qb6 14.
Bg7 Re8 15. Bxf6 exf6 16. Qxf6+ Kc8 17. Qf7 Qc6 18. O-O b5 19. Nd5 Kb7 20. Nb4
Qc4 21. Qxc4 bxc4 22. Rae1 c6 23. c3 Re5 24. f4 Re6 25. e5 Rae8 26. Nc2 dxe5
27. fxe5 Rxe5 28. Rxe5 Rxe5 29. Rf7+ Kb6 30. Kf2 Rd5 31. Nd4 Ra5 32. a3 Rh5 33.
Rf6 Rc5 34. g4 a5 35. h4 a4 36. Kf3 Kb7 37. Kf4 Kb6 38. Rf7 h6 39. g5 Rd5 40.
Rf6 hxg5+ 41. hxg5 1-0